000 00284nam a2200121Ia 4500
999 _c14208
_d14208
008 260210s9999 xx 000 0 und d
020 _a9788496424616
100 _aGeorge Lam
245 0 _aLandscape Design Usa
260 _bLinks
_c2007
300 _a368 pages
942 _cBPLAN
_2ddc